Alias - Statistiques

Statistiques générales
  • Ce quiz a été pris 15 fois
  • Le résultat moyen est 7 sur 10
Statistiques - réponses
Questions Réponses % Correct
Par quelle agence gouvernementale Sydney est-elle recrutée au début de la série SD6
93%
Pour quelle agence travaillait la mère de Sydney? KGB
87%
De quelle couleur est la perruque qui a rendu le personnage de Sydney célèbre? rouge
87%
Quel est le métier de Will Tippin, le meilleur ami de Sydney? journaliste
73%
Lorsqu'elle contacte la CIA, elle découvre qu'un membre de sa famille est un espion, ce qu'elle ignorait. Qui est-ce? (lien familial, pas le nom) son père
73%
Quel est le véritable prénom de la mère de Sydney? Irina
67%
Avec qui est-elle en couple lorsque le SD6 est détruit? (prénom + nom) Michael Vaughn
67%
Qui est l'équipier de Sydney au SD6? Dixon
53%
Qui est le directeur du SD6? (prénom + nom) Arvin Sloane
47%
Sydney cache sa véritable profession à ses amis, dans quel milieu pensent-ils qu'elle travaille? une banque
20%
Aucun quiz correspondant
Distribution des résultats
% des personnes avec chaque résultat
Percentile par nombre de réponses
Votre historique - résultats
Vous n’avez pas pris ce quiz